000 00524nam a2200181Ia 4500
001 949
005 20260306140556.0
008 260306t1999||||xx |||||||||||||| ||spa||
041 _aESP
082 _a174.4
_bM41C
100 _aMelé Carné, Domènec
_eAUT
245 0 _aConsideraciones éticas sobre la iniciativa emprendedora y la empresa familiar:
_bVIII coloquio de ética empresarial y económica
260 _c1999
300 _a233 páginas :
_c23 cm.
650 _aGEN
654 _aCHU
942 _cLIB
_dJUS
_fJUS
_2ddc
_n
999 _c949
_d949